00807 2200229 4500001002100000005001700021020001800038035002400056040001200080082001500092084002500107100001400132245018500146250001100331260009300342300003400435504002600469650002500495700002400520850001200544990002100556YOGYA00000000001640820170427144333.0 a979-9042-32-1 0010-081400000016126 aYOPDYOG a362.293072 aDEP 362.293072 Suh P aSUHARTONO aPenelitian diagnostik tentang perilaku remaja akibat pengaruh penyalahgunaan obat (pil koplo) dan interaksi dalam keluarga di Kotamadya Yogyakartac/ Suhartono, Chatarina Rusmiyati aCet. 1 aYogyakartabBalai Besar Penelitian dan Pengembangan Pelayanan Kesejahteraan Sosialc1996 av, 36 hlm.b: ilus.c; 21 cm. aBibliografi : hlm. 36 aNarkotika dan Remaja aChatarina Rusmiyati aYOPDYOG aCB-D.11/1996-452